| 000 | 00373nam a22001697a 4500 | ||
|---|---|---|---|
| 003 | SGT | ||
| 020 | _a9789388958783 | ||
| 082 |
_a611 _bR19S |
||
| 100 | _aSHRAMA, TARACHAND VIDH | ||
| 245 | _aRACHNA SHARIRA | ||
| 250 | _a1st | ||
| 260 |
_aNEW DELHI _bJAYPEE BROTHER _c2019 |
||
| 300 | _a499 | ||
| 650 | _aRACHNA, SHARIRA | ||
| 653 | _aANATOMY.SHARIRA | ||
| 942 |
_2ddc _cBK |
||
| 999 |
_c23865 _d23865 |
||